000 00481nam a2200145Ia 4500
008 100204s9999 xx 000 0 und d
082 _b20239
100 _aभुर्के श्याम
245 _aखुमासदार अत्रे
260 _b"सन पब्लिकेशन्स , पुणे"
_c1997
300 _a160
630 _aखुमासदार अत्रे
730 _aखुमासदार अत्रे
942 _cBOOK
999 _c464661
_d464658